[Event "10th LCC GCT Finals 2018"]
[Site "London"]
[Date "2018.12.13"]
[Round "1.5"]
[White "Nakamura, Hikaru"]
[Black "Caruana, Fabiano"]
[Result "0-1"]
[WhiteElo "2746"]
[BlackElo "2832"]
[Annotator "TA"]
[PlyCount "94"]
[EventDate "2018.12.11"]
[EventType "k.o."]
[EventCountry "ENG"]
[SourceTitle "playchess.com"]
[Source "ChessBase"]
[SourceQuality "1"]

{[%evp 17,94,12,16,9,30,0,9,-23,0,0,0,0,0,-7,0,0,0,0,0,0,0,0,0,0,3,3,9,4,0,0,0,0,0,0,0,0,0,-8,0,0,0,0,0,0,0,-25,-8,-12,-10,-23,-30,-89,-81,-81,-85,-103,-101,-140,-58,-562,-560,-5687,-5808,-1083,-837,-29983,-29980,-29980,-29981,-29981,-29982,-29982,-29982,-29982,-29981,-29983,-29984,-29981,-29981]} 1. Nf3 d5 2. e3 Nf6 3. b3 e6 4. c4 Be7 5. Bb2 O-O 6. Nc3 c5 7. cxd5 Nxd5 8. Be2 {A13: English Opening: 1...e6} (8. h4 b6 9. Qb1 h6 10. g4 Bb7 11. Rh3 Nd7 12. g5 h5 13. Bd3 Nb4 14. Bh7+ Kh8 15. Be4 Nd5 {1-0 (24) Nepomniachtchi,I (2768)-Bacrot,E (2678) Batumi 2018}) 8... b6 9. Nxd5 exd5 {LiveBook: 4 Games} 10. d4 {The position is equal.} a5 $146 ({Predecessor:} 10... Be6 11. O-O Nd7 12. Rc1 Rc8 13. h3 Rc7 14. Rc2 Qa8 15. dxc5 bxc5 {1-0 (72) Papin,V (2475)-Kotanjian,T (2481) Tashkent 2018}) 11. dxc5 bxc5 12. O-O Be6 13. Bb5 Qb6 14. Qe2 Nc6 15. Rac1 Rac8 16. Ne5 Nxe5 17. Bxe5 Rfd8 18. Rfd1 h6 19. h3 Bf8 20. Bd3 g6 21. Bf6 Rd7 22. Bb5 Ra7 23. Ba1 Bg7 24. Bxg7 Kxg7 25. Qb2+ Kg8 26. Be2 a4 27. Bf3 Rd8 28. Qf6 axb3 29. axb3 {aiming for Rxd5!} Rad7 30. Qc3 Rc8 31. Ra1 d4 32. exd4 {[#] d5 is the strong threat.} Rxd4 33. Rab1 Rb4 {Hoping for ...c4.} 34. Bd5 (34. Qf6 $11 {remains equal.}) 34... Bxd5 $17 35. Rxd5 c4 36. Rbd1 Rxb3 37. Qe5 {intending Rd6.} c3 (37... Rb2 $17 38. Qf4 Rb1) 38. Qe7 $2 {[%mdl 8192]} (38. Rd6 $15 c2 39. Rc1) 38... Rb1 $19 {And now ...c2 would win.} 39. Kh2 {Black must now prevent Rd8+.} Rxd1 40. Rxd1 {[%mdl 4096] Endgame KQR-KQR} c2 41. Rd7 Qb8+ {Black mates.} 42. g3 Qb3 43. Rd8+ Rxd8 44. Qxd8+ Kg7 45. Qd4+ {[#]} Kh7 $1 46. Qf4 Kg8 47. Qd2 Qb2 {Accuracy: White = 44%, Black = 64%.} 0-1

[Event "10th LCC GCT Finals 2018"]
[Site "London"]
[Date "2018.12.13"]
[Round "1.6"]
[White "Caruana, Fabiano"]
[Black "Nakamura, Hikaru"]
[Result "0-1"]
[WhiteElo "2832"]
[BlackElo "2746"]
[Annotator "TA"]
[PlyCount "100"]
[EventDate "2018.12.11"]
[EventType "k.o."]
[EventCountry "ENG"]
[SourceTitle "playchess.com"]
[Source "ChessBase"]
[SourceQuality "1"]

{[%evp 14,100,40,24,48,47,39,32,40,33,44,37,33,42,49,44,55,67,66,-15,77,81,87,-211,-194,-198,-5,-11,-5,-7,-6,-54,-46,-39,-56,-49,-49,-113,-110,-120,-120,-121,-116,-119,-98,-118,0,-121,-102,-129,-129,-130,-131,-175,-173,-197,-193,-177,-121,-126,-102,-102,-102,-121,-90,-90,-92,-92,-82,-98,-89,-86,-78,-586,-575,-579,-589,-831,-811,-711,-583,-578,-562,-780,-772,-1184,-1162,-29987,-2444]} 1. d4 Nf6 2. c4 e6 3. Nf3 d5 4. Nc3 Be7 5. Bf4 O-O 6. e3 b6 7. Rc1 Ba6 {D37: Queen's Gambit Declined: 5 Bf4} (7... Bb7 8. Bd3 dxc4 9. Bxc4 a6 10. O-O b5 11. Bd3 Nbd7 12. a4 b4 13. Nb1 c5 14. Nbd2 cxd4 15. Bc7 Qe8 16. exd4 {1-0 (57) Lalith,B (2575)-Melkumyan,H (2650) Abu Dhabi 2016}) 8. Qa4 {LiveBook: 3 Games} dxc4 9. Bxc4 Bb7 $146 {White is slightly better.} ({Predecessor:} 9... Bxc4 10. Qxc4 Bd6 11. Bg5 h6 12. Bh4 Nbd7 13. Qc6 Rc8 14. Ne4 g5 15. Nxf6+ Nxf6 {1-0 (70) Malakhatko,V (2543)-Tilicheev,V (2389) St Petersburg 2011}) 10. O-O a6 {Black wants to play ...b5.} 11. Be2 Nbd7 12. Rfd1 b5 13. Qc2 Rc8 14. Ne5 c5 15. dxc5 Rxc5 16. Qb1 (16. b4 $14 Rc8 17. Qb3) 16... Qe8 (16... Qc8 $11 {keeps the balance.} 17. Nd3 Rc4) 17. Nxd7 $1 $16 Nxd7 18. Ne4 $2 {[%mdl 8192]} (18. b4 $16 Rc8 19. Nxb5 $1 {[%mdl 512]} axb5 20. Bxb5) 18... Rxc1 $19 19. Rxc1 Qa8 $2 ({Black should play} 19... e5 $1 $19 {[%cal Re5f4]} 20. Bg3 f5) 20. Bf3 $11 Rc8 {White must now prevent ...Rxc1+.} 21. Rd1 Nf6 {[%cal Rb7e4]} 22. Ng5 h6 $36 {[%mdl 2048] Black fights for an advantage.} 23. Bxb7 Qxb7 24. Nf3 Qe4 25. Be5 ({White should try} 25. Qxe4 $15 Nxe4 26. Ne1) 25... Qxb1 $1 $17 26. Rxb1 Ne4 27. Ne1 f6 28. Bg3 Rd8 29. Nf3 Rc8 30. Ne1 $1 e5 31. f3 Nd2 32. Rd1 {[#]} Nc4 $1 33. Rd7 Bc5 34. b3 Nxe3 ({Much less strong is} 34... Bxe3+ 35. Bf2 $15) 35. Bf2 Nf5 ({Better is} 35... Bd4 $19 {Strongly threatening ...Rc1.} 36. Bxe3 Bxe3+ 37. Kf1 Rc1) 36. g4 Nd4 37. Kf1 Ne6 38. h4 Bxf2 39. Kxf2 {[%mdl 4096] Endgame KRN-KRN} Nf4 40. Rd6 a5 41. Ra6 {[#]} Rd8 $1 {[%cal Rd8d2] ...Rd2+ is the strong threat.} 42. Rxa5 Rd2+ 43. Kf1 $2 {[%mdl 8192]} (43. Kg1 $17 {keeps fishing.}) 43... Nh3 $19 {[%csl Gh3][%cal Rd2f2]} 44. Nd3 Rxd3 45. Rxb5 Rxf3+ {KRN-KR} 46. Ke1 Rf2 47. a4 Ra2 48. a5 Nf4 49. Kd1 e4 {( -> ...e3)} 50. Kc1 e3 {Accuracy: White = 44%, Black = 48%.} (50... Ne2+ $142 51. Kd1 Nc3+ {[%mdl 64] Double Attack} 52. Kc1 Nxb5 53. a6 e3 54. a7 Nxa7 55. Kb1 Rd2 56. Kc1 g5 57. b4 Nb5 58. hxg5 hxg5 59. Kb1 e2 60. Kc1 e1=Q#) 0-1

[Event "10th LCC GCT Finals 2018"]
[Site "London"]
[Date "2018.12.13"]
[Round "1.6"]
[White "Vachier-Lagrave, Maxime"]
[Black "Aronian, Levon"]
[Result "1-0"]
[WhiteElo "2781"]
[BlackElo "2765"]
[Annotator "TA"]
[PlyCount "103"]
[EventDate "2018.12.11"]
[EventType "k.o."]
[EventCountry "ENG"]
[SourceTitle "playchess.com"]
[Source "ChessBase"]
[SourceQuality "1"]

{[%evp 19,103,27,35,21,55,39,50,57,64,71,132,58,53,28,33,29,39,27,8,8,37,7,20,14,43,48,77,53,56,78,85,62,264,135,135,125,137,132,129,0,0,0,0,0,0,0,0,0,0,0,0,0,0,0,7,0,15,24,16,6,20,0,0,0,0,0,0,0,0,0,0,0,0,0,0,-89,0,-33,0,0,0,0,72,46,1231,1221]} 1. e4 g6 2. d4 Bg7 3. Nf3 d6 4. Bc4 e6 5. Bb3 Ne7 6. c3 {B06: Modern Defence} (6. O-O O-O 7. Re1 Nd7 8. c3 a6 9. Nbd2 b5 10. Nf1 c5 11. Ng3 Bb7 12. Bf4 e5 13. Be3 exd4 14. cxd4 {0-1 (40) Grandelius,N (2653)-Dubov,D (2677) Germany 2017}) 6... b6 7. O-O Bb7 8. Re1 Nd7 9. Nbd2 {[%cal Bb1d2,Bd2f1,Bf1g3][%mdl 32]} O-O 10. Nf1 c5 {LiveBook: 13 Games} 11. Ng3 Qc7 12. Bg5 Nc6 $146 ({Predecessor:} 12... Rae8 13. Qd2 {½-½ (42) Muse,M (2391)-Michna,M (2376) Germany 2018}) 13. Qd2 Rac8 14. Bh6 Na5 {[#]} (14... Qd8 $142) 15. Bxg7 (15. Nh5 $1 $16 {[%mdl 512]} Bh8 (15... gxh5 16. Qg5) 16. Bxf8 Rxf8 17. Ng3) 15... Kxg7 $14 16. Rad1 Nxb3 17. axb3 Nf6 18. e5 dxe5 19. dxe5 Ng8 20. Ng5 Rcd8 21. Qf4 $36 {[%mdl 2048] White has the initiative.} Rd5 22. c4 Rd7 23. h4 ({Of course not} 23. Rxd7 Qxd7 24. Qc1 Qc7 $11) 23... Rfd8 24. Rd6 $1 Rxd6 25. exd6 Rxd6 $2 {[#]} (25... Qd7 $1 $14) 26. Nxf7 (26. Nh5+ $1 $18 {[%mdl 512]} gxh5 27. Qg3) 26... Rd7 $16 27. Ne5 Rd4 {[#]} 28. Qg5 $1 Qe7 {[#]} 29. Nf3 ({White must play} 29. Nh5+ $1 $16 Kf8 30. Nf4) 29... Qxg5 $11 30. Nxg5 Bc8 31. Nxe6+ Bxe6 32. Rxe6 {[%mdl 4096] Endgame KRN-KRN} Kf7 33. Re4 Rd1+ 34. Kh2 Rd2 35. Re2 Rd3 36. Re3 Rd2 37. Re2 Rd4 38. Ne4 h6 39. Kg3 Ne7 40. Kf3 Nf5 41. g3 {[%cal Bg2g3,Bg3g4][%mdl 32]} Rd3+ 42. Kf4 Rxb3 43. g4 Nxh4 {Threatens to win with ...Rd3.} 44. Nd6+ Kf6 {And now ...Rf3+ would win.} 45. Ne8+ Kf7 46. Nd6+ Kf8 47. Ke5 (47. g5 $11 Rf3+ 48. Kg4 hxg5 49. Kxg5) 47... Ke7 (47... Rf3 $17 48. Rd2 g5) 48. f4 Nf3+ (48... Rd3 $5 {[%cal Rd3d6]} 49. Nb5 Kf7 $15) 49. Kd5+ Kd7 50. Nf7 Nd4 (50... h5 $11) 51. Rh2 {[%mdl 1024] White has strong compensation.} Rd3 $2 {[%mdl 8192]} (51... Nc6 $14) 52. Ne5+ {[%mdl 64] Double Attack. Accuracy: White = 51%, Black = 48%.} 1-0

[Event "10th LCC GCT Finals 2018"]
[Site "London"]
[Date "2018.12.13"]
[Round "1.7"]
[White "Aronian, Levon"]
[Black "Vachier-Lagrave, Maxime"]
[Result "1-0"]
[WhiteElo "2765"]
[BlackElo "2781"]
[Annotator "TA"]
[PlyCount "75"]
[EventDate "2018.12.11"]
[EventType "k.o."]
[EventCountry "ENG"]
[SourceTitle "playchess.com"]
[Source "ChessBase"]
[SourceQuality "1"]

{[%evp 9,75,19,24,17,35,38,35,34,39,35,32,29,46,31,29,33,45,45,41,44,63,37,54,62,58,62,57,37,42,20,27,13,14,6,7,14,0,10,14,7,0,0,21,23,70,69,75,75,169,187,237,242,396,388,390,389,381,383,957,933,1568,1395,29982,29983,29989,29990,29991,29992]} 1. e4 c5 2. Nf3 d6 3. Bb5+ Nd7 {[%cal Bb8d7,Bd7e5,Be5f3][%mdl 32]} 4. c3 Ngf6 5. Bd3 (5. Qe2 a6 6. Ba4 b5 7. Bc2 Bb7 8. d4 e6 9. O-O Be7 10. Nbd2 O-O 11. e5 Nd5 12. Ne4 Qc7 13. exd6 Bxd6 14. Nxd6 Qxd6 15. dxc5 Qxc5 {½-½ (58) Kovalev,V (2648)-Grandelius,N (2652) Sharjah 2018}) 5... Ne5 {LiveBook: 3 Games} 6. Be2 $146 {B51: Sicilian: Moscow Variation (3 Bb5+) without 3...Bd7} ({Predecessor:} 6. Nxe5 dxe5 7. Be2 Bd7 8. d3 e6 9. O-O Bc6 10. Na3 b5 11. Be3 Be7 12. Nc2 O-O {0-1 (41) Macovei,A (2343)-Harsha,B (2445) Tarvisio 2017}) 6... Nxf3+ 7. Bxf3 e5 8. d4 {White is slightly better.} Be7 9. dxe5 dxe5 10. Qxd8+ Bxd8 11. Nd2 Be6 12. Be2 Bc7 13. f3 Ke7 14. a4 h5 15. h4 Rhd8 16. Nc4 Ne8 17. Be3 b6 18. Bf2 f6 {[%cal Bf7f6,Bf6f5][%mdl 32]} 19. O-O g6 20. Rfc1 Nd6 21. Ne3 f5 22. Nd5+ Bxd5 23. exd5 c4 24. Be3 Kd7 25. Rab1 Rf8 26. b3 {[%cal Bb2b3,Bb3c4,Bc4c5,Bc5c6,Bc6c7][%mdl 32]} f4 27. Bf2 e4 28. fxe4 Rae8 (28... Nxe4 $16 {might work better.} 29. Bxc4 Bd8) 29. bxc4 $18 Nxe4 {[#]} 30. c5 $1 {[%mdl 512] Black must now prevent Bb5+.} Nxc3 $2 (30... Nxf2 {was worth a try.} 31. Bb5+ (31. Kxf2 Re3 $16) 31... Kd8) (30... bxc5 31. Bb5+) 31. Rxc3 Rxe2 {[#]} 32. d6 $1 {[%cal Rd6c7]} Bd8 {[#]} 33. c6+ $1 Kc8 $2 {[#]} (33... Kxd6 34. c7 Bxc7) 34. a5 $1 {[%cal Ba4a5,Ba5b6][%mdl 544]} Rxf2 (34... bxa5 35. c7) 35. Kxf2 Rf5 36. c7 {White mates.} Bxh4+ 37. Kf3 Rd5 38. axb6 {Accuracy: White = 68%, Black = 40%.} 1-0

[Event "10th LCC GCT Finals 2018"]
[Site "London"]
[Date "2018.12.13"]
[Round "1.7"]
[White "Nakamura, Hikaru"]
[Black "Caruana, Fabiano"]
[Result "1-0"]
[WhiteElo "2746"]
[BlackElo "2832"]
[Annotator "TA"]
[PlyCount "103"]
[EventDate "2018.12.11"]
[EventType "k.o."]
[EventCountry "ENG"]
[SourceTitle "playchess.com"]
[Source "ChessBase"]
[SourceQuality "1"]

{[%evp 12,103,8,9,13,16,16,16,18,8,81,92,129,137,137,132,132,131,132,139,133,142,138,139,165,169,174,164,171,179,197,196,351,262,470,450,441,449,529,529,703,714,683,625,610,584,575,475,466,436,480,286,285,259,272,258,477,484,465,438,420,361,521,395,378,306,369,248,222,229,260,150,312,316,309,301,302,306,749,733,958,837,1338,808,29992,29974,29974,29975,29972,29972,29987,29988,29988,29989]} 1. Nf3 d5 2. e3 Nf6 3. c4 c6 4. b3 Bf5 5. Bb2 e6 6. Nc3 {A12: English Opening: 1...c6 with b3 by White} h6 7. d4 {LiveBook: 4 Games} (7. Be2 Be7 8. O-O O-O 9. d3 Bh7 10. Qc2 a5 11. Rad1 Na6 12. a3 {½-½ (45) Vachier Lagrave,M (2793)-Aronian,L (2797) Caleta 2018}) 7... Be7 8. Bd3 {The position is equal.} O-O $146 ({Predecessor:} 8... Bxd3 9. Qxd3 Nbd7 10. O-O O-O 11. e4 dxe4 12. Nxe4 Nxe4 13. Qxe4 Nf6 14. Qe2 a5 15. Ne5 a4 16. Qc2 Nd7 17. Nxd7 Qxd7 18. bxa4 Ra7 {0-1 (36) Kupfner,F (2200)-Schmidlechner,A (2217) Austria 2015}) 9. O-O Nbd7 10. Qc2 Bg4 (10... Bxd3 $11 11. Qxd3 Bb4) 11. Ne5 $16 Nxe5 12. dxe5 Nd7 {[#]} 13. h3 $1 {[%cal Rh3g4]} Bh5 14. g4 Bg6 15. Bxg6 fxg6 16. Qxg6 Rf7 17. Ne2 (17. Qxe6 $2 Nf8 $19) 17... Nf8 18. Qc2 Rc8 19. Rad1 Bc5 20. Kg2 Qh4 21. Bd4 Be7 $2 (21... Bxd4 22. Nxd4 dxc4 23. Qxc4 a6) 22. f4 {[%cal Bf2f4,Bf4f5][%mdl 32]} ({Not} 22. Bxa7 Ra8 $16) 22... Bb4 $2 (22... dxc4 23. Qxc4 (23. bxc4 Bb4 $18) 23... b5) 23. cxd5 $18 exd5 24. f5 h5 25. Rf4 Nh7 {If Black can now play ...Ng5 this consolidates a bit.} 26. Ng3 c5 27. gxh5 Qd8 28. Bb2 d4 29. e6 Rfc7 30. Qc4 {Black must now prevent e7+.} b5 31. e7+ (31. Qxb5 $142 Nf6 32. Rf3) 31... bxc4 32. exd8=Q+ ({Resist} 32. exd8=B Rxd8 33. bxc4 Nf6 $18) (32. exd8=N $6 c3 $18) 32... Rxd8 33. bxc4 d3 $2 {[#]} (33... Nf6 {was called for.} 34. exd4 cxd4 35. Rfxd4 Rxd4 36. Rxd4 Be7) 34. h6 $1 gxh6 35. Rg4+ Kf8 36. Ne4 Ng5 (36... d2 $142 37. a3 Ba5) 37. Nxg5 hxg5 38. Rxg5 d2 39. Kf3 Rh7 40. Rg3 Rdd7 41. Be5 (41. Ke2 $18) 41... Rh5 $2 (41... Rh4 $16 {is a better defense.} 42. Bf4 Kf7) 42. Kg4 Rdh7 43. Bf6 R5h6 44. Bg5 Ra6 $2 (44... Rd6 45. h4 Rd3) 45. e4 Rxa2 46. Rd3 Rc2 47. Bxd2 {White threatens Bh6+! and mate.} Rxc4 48. Rd8+ {White mates.} Kf7 49. Bxb4 Rxe4+ 50. Kf3 Re7 51. Bxc5 Rxh3+ 52. Kg4 {Accuracy: White = 81%, Black = 29%.} 1-0

[Event "10th LCC GCT Finals 2018"]
[Site "London"]
[Date "2018.12.13"]
[Round "1.8"]
[White "Caruana, Fabiano"]
[Black "Nakamura, Hikaru"]
[Result "0-1"]
[WhiteElo "2832"]
[BlackElo "2746"]
[Annotator "TA"]
[PlyCount "78"]
[EventDate "2018.12.11"]
[EventType "k.o."]
[EventCountry "ENG"]
[SourceTitle "playchess.com"]
[Source "ChessBase"]
[SourceQuality "1"]

{[%evp 23,78,54,74,37,91,78,88,81,98,97,140,81,143,81,174,153,214,223,215,217,212,164,1452,1453,1350,1322,1133,0,0,-30,-69,-46,-54,-287,-270,-359,-280,-369,-102,-85,-91,-328,-316,-569,-288,-487,-350,-444,-444,-865,-876,-1232,-1224,-1164,-1303,-2464,-2406]} 1. d4 Nf6 2. c4 g6 3. Nc3 Bg7 4. e4 d6 5. h3 O-O 6. Be3 e5 7. d5 a5 8. g4 {E71: King's Indian: 4 e4 d6 5 h3} Na6 9. Nge2 Nd7 (9... c6 10. Ng3 Nc5 11. g5 Nfd7 12. h4 cxd5 13. Nxd5 Nb6 14. Nc3 Be6 15. b3 a4 {1-0 (36) Ding,L (2777)-Amonatov,F (2636) Riadh 2017}) 10. Qd2 Ndc5 11. Ng3 c6 12. Be2 cxd5 {LiveBook: 3 Games} 13. cxd5 a4 (13... Nc7 $14) 14. h4 $16 {[%cal Bh3h4,Bh4h5][%mdl 32]} Bd7 15. h5 Rc8 $146 ({Predecessor:} 15... a3 16. bxa3 f6 17. hxg6 hxg6 18. Rb1 Kf7 19. Nb5 Qe7 {1-0 (19) Gholami,A (2295)-Makhnev,D (2449) Hamedan 2018}) 16. Kf1 a3 17. b3 (17. bxa3 $142 Qa5 18. Rb1) 17... Qa5 (17... Qb6 $142) 18. Rc1 ({Better is} 18. Nb5 Qxd2 19. Bxd2) 18... f6 (18... Qb4 $16 {was necessary.}) 19. Kg2 Nb4 (19... Qb4 $16 {might work better.} 20. f3 Rc7) 20. hxg6 hxg6 21. Bh6 {Black must now prevent Bxg7.} Rf7 22. Rh2 (22. Bxg7 $6 Rxg7 23. Rh2 (23. Qh6 Nbd3 $17) 23... Kf7 $16) 22... Bxh6 $2 (22... Re8 23. Rch1 (23. Bxg7 Rxg7 24. Qe3 Kf7 $16) 23... Bh8) 23. Qxh6 $18 {[%csl Gh2][%cal Rh6h8]} Rg7 24. Rch1 {Qxg7+! would kill now.} Rf8 25. Qc1 $2 (25. g5 $18 Qd8 {[#]} 26. Nf5 $1 {[%mdl 512]} Bxf5 27. exf5) 25... Nbd3 $11 26. Qd2 Nf4+ 27. Kg1 Kf7 {aiming for ...Nxb3!} 28. Rh7 $2 (28. Rh8 $15) 28... Rc8 {...Nxb3! is the strong threat.} 29. Bc4 b5 (29... Bxg4 30. Rh8 $17) 30. Nge2 g5 $2 (30... bxc4 31. Rxg7+ Kxg7 32. Nxf4 $19) (30... Rxh7 $19 31. Rxh7+ Kg8) 31. Nxf4 $17 gxf4 32. g5 $2 (32. Rxg7+ $17 {was the only defense.} Kxg7 33. f3) 32... Rcg8 $19 ({But not} 32... bxc4 33. Qd1 $19) ({Weaker is} 32... fxg5 33. Qe2 $11) 33. Be2 $2 (33. Bd3 b4 34. Ne2) 33... Kf8 34. Kf1 $2 ({Not} 34. Rxg7 Rxg7 35. Rh8+ Ke7 $17) (34. Qc2) 34... fxg5 35. f3 b4 {Black is clearly winning.} 36. Nd1 {[#]} (36. Na4 $142 Bxa4 37. Rxg7 Kxg7 38. bxa4) 36... Nxb3 $1 {[%mdl 512]} 37. Qc2 (37. axb3 a2) 37... Nd4 38. Qc1 b3 39. axb3 a2 {Precision: White = 39%, Black = 43%.} 0-1

[Event "10th LCC GCT Finals 2018"]
[Site "London"]
[Date "2018.12.13"]
[Round "1.8"]
[White "Vachier-Lagrave, Maxime"]
[Black "Aronian, Levon"]
[Result "1-0"]
[WhiteElo "2781"]
[BlackElo "2765"]
[Annotator "TA"]
[PlyCount "131"]
[EventDate "2018.12.11"]
[EventType "k.o."]
[EventCountry "ENG"]
[SourceTitle "playchess.com"]
[Source "ChessBase"]
[SourceQuality "1"]

{[%evp 19,131,0,-4,-1,-4,-3,0,0,0,0,0,-10,-10,-10,-10,-8,0,0,0,0,0,0,0,0,0,0,2,0,18,15,16,18,21,21,21,14,16,19,17,25,38,40,84,75,99,87,97,107,135,135,153,151,158,145,202,170,170,179,346,346,346,346,346,346,339,339,318,325,530,522,497,488,516,500,468,302,449,285,195,143,143,143,143,143,165,8,8,8,8,8,8,8,333,330,313,327,303,296,361,312,29968,29970,29970,29971,29971,29971,29969,29971,29962,29966,8204,7560,29962,12851]} 1. e4 e6 2. d4 d5 3. e5 c5 4. c3 Bd7 5. Nf3 Qb6 6. a3 Bb5 7. dxc5 {C02: French: Advance Variation} Bxc5 8. Bxb5+ Qxb5 9. b4 Bb6 10. a4 Qc4 {LiveBook: 3 Games} (10... Qd7 11. O-O Ne7 12. a5 Bc7 13. Bf4 O-O 14. Re1 Nbc6 {1-0 (29) Areshchenko,A (2709)-L'Ami,E (2634) Legnica 2013}) 11. a5 Qe4+ 12. Qe2 Qxe2+ 13. Kxe2 Bc7 14. c4 $146 ({Predecessor:} 14. Be3 Nc6 {0-1 (51) Tokhirjonova,G (2115)-Nodirjanova,N (2140) Tashkent 2014}) 14... Ne7 15. Bg5 Nbc6 16. Bxe7 Kxe7 17. cxd5 exd5 18. Nc3 Rhd8 19. Rhd1 d4 20. Nb5 Bxe5 21. Nxe5 Nxe5 22. Nxd4 {White wants to play a6.} Rac8 23. a6 bxa6 24. Rxa6 Ke8 25. Ra5 f6 26. f4 Ng6 27. g3 $36 {[%mdl 2048] White has the initiative.} Rd7 28. Nf5 {Nd6+ is the strong threat.} Rc2+ 29. Ke1 {Strongly threatening Rxd7.} Rdc7 30. Rd2 Rc1+ 31. Ke2 Ne7 32. Nd6+ Kf8 33. Nb5 $1 {[%cal Rb5c7]} Rc8 34. Rxa7 {aiming for Rdd7.} Nc6 {And now ...Rb8 would win.} 35. Rb7 $1 Re8+ 36. Kf3 $1 Nd8 (36... Re7 $16 37. Rb6 g6) 37. Rc7 Rf1+ 38. Kg2 Rb1 $2 (38... Rfe1 {was worth a try.} 39. Nc3 Rc1) 39. Nd6 $18 Re7 40. Rxe7 Kxe7 {[%mdl 4096] Endgame KRN-KRN} 41. Nf5+ {[%mdl 64] Double Attack} Ke8 42. Nxg7+ Ke7 43. Nf5+ Ke8 $2 (43... Ke6 {might work better.} 44. g4 (44. Rxd8 Kxf5 45. Rd5+ Ke4 $18) 44... Nb7) 44. Re2+ Kf8 45. Nd6 Nc6 46. b5 Nd4 47. Re8+ Kg7 48. Re7+ Kg6 49. g4 (49. f5+ $18 Nxf5 50. Nxf5 Kxf5 51. Rxh7) 49... Rb2+ $16 50. Kf1 {Threatens to win with h4.} h5 51. h3 $1 Nf3 52. Nf5 $2 ({Better is} 52. gxh5+ $18 Kxh5 53. Re2) 52... hxg4 $11 53. hxg4 {[%csl Gf5][%cal Re7g7]} Nh2+ 54. Ke1 {[%csl Gf5][%cal Re7g7]} Nxg4 55. Nd6 Nh2 $2 {[%mdl 8192] [#]} (55... f5 $11 {and Black has nothing to worry.}) 56. Re2 $1 $18 {[%cal Re2b2]} Rb1+ {[#]} 57. Kd2 $1 Nf3+ 58. Kc3 Kh5 59. Rb2 Rxb2 $2 (59... Rc1+ $18 60. Kb3 Nd4+ 61. Ka2 Kg4) 60. Kxb2 {KN-KN} Kg4 61. b6 Nd4 62. Kc3 Nc6 63. f5 Kf4 64. Kc4 Ke5 65. Kc5 Nd8 {[#]} 66. Nf7+ $1 {[%mdl 576] Promotion. Accuracy: White = 75%, Black = 45%.} 1-0

[Event "10th LCC GCT Finals 2018"]
[Site "London"]
[Date "2018.12.15"]
[Round "2.1"]
[White "Caruana, Fabiano"]
[Black "Aronian, Levon"]
[Result "1/2-1/2"]
[WhiteElo "2832"]
[BlackElo "2765"]
[Annotator "TA"]
[PlyCount "56"]
[EventDate "2018.12.11"]
[EventType "k.o."]
[EventCountry "ENG"]
[SourceTitle "playchess.com"]
[Source "ChessBase"]
[SourceQuality "1"]

{[%evp 17,56,13,11,7,65,68,97,54,48,6,93,54,63,66,53,1,0,0,0,0,0,-16,0,0,-6,-19,0,-23,0,-25,0,0,0,0,0,0,0,0,0,0,0]} 1. e4 e5 2. Nf3 Nc6 3. Bb5 Nf6 4. d3 Bc5 5. c3 d5 (5... O-O 6. O-O d5 7. Nbd2 dxe4 8. dxe4 a5 9. Bxc6 bxc6 10. Nxe5 Re8 11. Nb3 Qxd1 12. Rxd1 Bb6 13. Nc4 Nxe4 14. Nxb6 cxb6 {½-½ (43) Sethuraman,S (2673)-Giri,A (2780) Douglas 2018}) 6. exd5 {C65: Ruy Lopez: Berlin Defence (3...Nf6), unusual lines and 4 0-0 Bc5} (6. Nbd2 O-O 7. O-O dxe4 8. dxe4 a5 9. a4 Qe7 10. h3 Ne8 11. Re1 Nd6 12. Bd3 Be6 13. Nf1 {0-1 (36) Caruana,F (2816)-Aronian,L (2764) Leuven 2018}) 6... Qxd5 7. Bc4 Qd6 8. Nbd2 $146 ({Predecessor:} 8. b4 Bb6 9. a4 O-O 10. Qe2 a5 11. b5 e4 12. dxe4 Ne5 13. Ba3 {½-½ (29) Poljak,D (2447)-Lyukmanov,V (2415) ICCF email 2015}) 8... O-O 9. b4 {[%cal Bb2b4,Bb4b5][%mdl 32]} Bb6 {LiveBook: 7 Games} 10. a4 {[#] Threatens to win with a5.} a5 ({Black should play} 10... Bf5 $11) 11. b5 $14 e4 12. Ba3 Bc5 13. dxe4 Ne5 (13... Bxa3 $11 {remains equal.} 14. bxc6 Bb2) 14. Nxe5 (14. Bxc5 {keeps more tension.} Qxc5 15. Nxe5 Qxe5 16. O-O Qxc3 17. Rc1) 14... Qxe5 15. Bxc5 Qxc5 16. Qe2 (16. O-O $14) 16... Re8 $11 17. f3 Be6 18. Bxe6 Rxe6 19. Rc1 Nd7 20. Nb3 Qa3 21. Rb1 Nc5 22. Nxc5 Qxc5 23. Rd1 f5 24. Rd4 {The position is equal.} Qxc3+ 25. Qd2 Qa1+ 26. Qd1 Qc3+ 27. Qd2 Qa1+ 28. Qd1 Qc3+ {Accuracy: White = 72%, Black = 40%.} 1/2-1/2